| 000 | 00681nam a22002057a 4500 | ||
|---|---|---|---|
| 999 |
_c18444 _d18444 |
||
| 003 | AR-CdUCM | ||
| 008 | 190226b ||||| |||| 00| 0 spa d | ||
| 040 |
_aMUNICIPALIDAD PROVINCIAL DEL CUSCO _cBIBLIOTECA MUNICIPAL DEL CUSCO |
||
| 082 |
_a928 / _bL83 |
||
| 100 |
_aLohmann Villena, Guillermo _94296 |
||
| 245 |
_aPedro de Peralta : _alos que hicieron el Perú / |
||
| 260 |
_aPerú : _bMonterrico ; _c1987. |
||
| 300 |
_a51 páginas _c22 cm _bIlustraciones, |
||
| 440 |
_aBiblioteca visión peruana _n37 _939043 |
||
| 505 | _aContenido : Biografías | ||
| 650 |
_abiografías _9148 |
||
| 650 |
_aBiografías peruanas _917973 |
||
| 942 |
_2ddc _cLIBROS |
||
| 945 |
_awnts _d2019-05-14 |
||